[Event "G7-2 2014"]
[Site "Skorping"]
[Date "2014.04.15"]
[Round "1"]
[White "Hansen, Henrik Damgaard"]
[Black "Staugaard, Henning"]
[Result "1-0"]
[WhiteElo "1733"]
[BlackElo "1320"]
[PlyCount "71"]
[EventDate "2014.??.??"]
[EventType "swiss"]
[EventRounds "7"]

1. d4 d5 2. c4 Nc6 3. e3 e5 4. Nc3 Bb4 5. a3 exd4 6. exd4 Bxc3+ 7. bxc3 Nf6 8.
Bg5 h6 9. Qe2+ Be6 10. Bxf6 gxf6 11. O-O-O Qe7 12. Kb2 O-O-O 13. c5 b6 14. cxb6
axb6 15. Qc2 Kb7 16. Ne2 Ra8 17. Ra1 Na5 18. Nf4 Nc4+ 19. Bxc4 dxc4 20. Qe4+
Kb8 21. Rhe1 Qd7 22. Nxe6 Qb5+ 23. Kc1 Qb3 24. Qc2 Qxc2+ 25. Kxc2 fxe6 26. Rxe6
Rg8 27. g3 Rf8 28. Kb2 Ra5 29. Rae1 Kb7 30. Re8 Rxe8 31. Rxe8 Rf5 32. f4 Kc6
33. a4 h5 34. Ka3 h4 35. Kb4 Kd5 36. Rd8+ 1-0

[Event "G7-2 2014"]
[Site "Skorping"]
[Date "2014.04.15"]
[Round "1"]
[White "Jakobsen, Niels Jorgen"]
[Black "Thybo, Jan"]
[Result "1-0"]
[WhiteElo "1641"]
[BlackElo "1238"]
[PlyCount "117"]
[EventDate "2014.??.??"]
[EventType "swiss"]
[EventRounds "7"]

1. e4 d6 2. Nc3 g6 3. Bc4 Bg7 4. Nge2 e5 5. d4 Nc6 6. Be3 Nge7 7. d5 Na5 8. Bd3
b6 9. Qd2 f5 10. Bg5 O-O 11. b4 Nb7 12. Bh6 f4 13. Bxg7 Kxg7 14. f3 Ng8 15.
O-O-O a5 16. b5 Nc5 17. a4 g5 18. Rdf1 Nh6 19. g4 Qf6 20. h4 Nf7 21. hxg5 Nxg5
22. Rh5 h6 23. Ng1 Bd7 24. Qg2 Be8 25. Rh4 Rh8 26. Qh2 Bf7 27. Kd2 Rh7 28. Rf2
Rah8 29. Rg2 Kf8 30. Qh1 Ke7 31. Rgh2 Qg7 32. Nh3 h5 33. Nxg5 Qxg5 34. Be2 Be8
35. Qg1 Bg6 36. Qf2 Kf7 37. Rg2 Qh6 38. Qg1 Qg5 39. Qf2 Qh6 40. g5 Qg7 41. Rg1
Ke7 42. Bf1 Qf7 43. Qe2 Rf8 44. Bh3 Rhh8 45. Qc4 Qh7 46. Rh1 Rf7 47. Be6 Rff8
48. Bg4 Qf7 49. Be6 Qh7 50. Qe2 Nxe6 51. dxe6 Kxe6 52. Qc4+ Kd7 53. Nd5 Kd8 54.
Qc6 Qd7 55. Qa8+ Qc8 56. Qxc8+ Kxc8 57. Ne7+ Kb7 58. Nxg6 Rd8 59. Nxh8 1-0

[Event "G7-2 2014"]
[Site "Skorping"]
[Date "2014.04.15"]
[Round "1"]
[White "Jessen, Ernst J"]
[Black "Ng, Sau Wai"]
[Result "1-0"]
[WhiteElo "1602"]
[BlackElo "1116"]
[PlyCount "117"]
[EventDate "2014.??.??"]
[EventType "swiss"]
[EventRounds "7"]

1. e4 e5 2. Nf3 Nc6 3. Bb5 Nf6 4. O-O Bc5 5. d3 O-O 6. Bxc6 bxc6 7. Nxe5 d6 8.
Nc4 Bb6 9. Nxb6 cxb6 10. Bg5 Qe7 11. Qf3 Qe5 12. Bxf6 Qxf6 13. Qxf6 gxf6 14.
Nd2 Be6 15. d4 Rad8 16. c3 b5 17. Rfd1 Rfe8 18. f3 a5 19. a3 Kg7 20. Nf1 Bb3
21. Rd2 d5 22. Ng3 Kg6 23. Kf2 dxe4 24. Nxe4 f5 25. Nc5 a4 26. Nxb3 axb3 27. a4
bxa4 28. Rxa4 c5 29. Rc4 cxd4 30. Rcxd4 Rxd4 31. Rxd4 Kg5 32. Rb4 f4 33. g3
fxg3+ 34. hxg3 f5 35. Rxb3 Rd8 36. c4 f4 37. Rb5+ Kf6 38. gxf4 Rd4 39. c5 Rd5
40. Rb6+ Kf5 41. c6 Kxf4 42. Rb4+ Kf5 43. c7 Rd2+ 44. Kg3 Rc2 45. Rb7 h5 46. b3
Rc6 47. b4 Rg6+ 48. Kh4 Rc6 49. Rb5+ Kf4 50. Rc5 Re6 51. c8=Q Re1 52. Qf5+ Ke3
53. Re5+ Kf2 54. Rxe1 Kxe1 55. Qxh5 Kf2 56. f4 Kg2 57. Qe2+ Kh1 58. Kg3 Kg1 59.
Qe1# 1-0

[Event "G7-2 2014"]
[Site "Skorping"]
[Date "2014.04.15"]
[Round "1"]
[White "Johansen, Kjeld"]
[Black "Meldgaard, Frode"]
[Result "1-0"]
[WhiteElo "1580"]
[BlackElo "1798"]
[PlyCount "75"]
[EventDate "2014.??.??"]
[EventType "swiss"]
[EventRounds "7"]

1. c4 d6 2. d4 Nd7 3. Nf3 e6 4. e4 Be7 5. Be2 c5 6. O-O cxd4 7. Nxd4 Ngf6 8.
Nc3 Nc5 9. Bf3 O-O 10. Be3 Bd7 11. b4 Na6 12. a3 Rc8 13. Be2 Nb8 14. f4 Nc6 15.
Ndb5 Be8 16. Nxa7 Nxa7 17. Bxa7 b6 18. e5 Qc7 19. exd6 Bxd6 20. Qd4 Nd7 21. Nb5
Bc5 22. bxc5 Qxc5 23. Qxc5 Rxc5 24. Rfd1 e5 25. fxe5 Rxe5 26. Bf1 f5 27. Rd6
Nc5 28. Bxb6 Ne4 29. Rd8 f4 30. Bc7 Re6 31. Nd4 Ref6 32. Re1 Bg6 33. Rxf8+ Kxf8
34. Nf3 h6 35. Ne5 Bf5 36. Bd3 Nc5 37. Bxf5 Rxf5 38. Bd6+ 1-0

[Event "G7-2 2014"]
[Site "Skorping"]
[Date "2014.04.15"]
[Round "1"]
[White "Jorgensen, Alexander Torp"]
[Black "Thybo, Thomas Sondergaard"]
[Result "0-1"]
[WhiteElo "1745"]
[BlackElo "1466"]
[PlyCount "122"]
[EventDate "2014.??.??"]
[EventType "swiss"]
[EventRounds "7"]

1. Nf3 d5 2. c4 c6 3. d4 Nf6 4. Nc3 e6 5. Bg5 Be7 6. e3 O-O 7. cxd5 exd5 8. h3
Bf5 9. Qb3 Qc7 10. Rc1 Be6 11. Bd3 Ne4 12. Bf4 Bd6 13. Nb5 Qa5+ 14. Nc3 Qc7 15.
Bxd6 Nxd6 16. Qc2 h6 17. O-O Nd7 18. b3 a6 19. Ne5 Nc8 20. f4 Nxe5 21. dxe5 f5
22. exf6 Rxf6 23. f5 Bf7 24. e4 d4 25. Ne2 Ne7 26. Nxd4 Qb6 27. Qf2 Rd6 28. e5
Rxd4 29. e6 Be8 30. Rc4 Rad8 31. Kh1 c5 32. f6 Qxe6 33. fxe7 Qxe7 34. Rxd4 Rxd4
35. Bc4+ Kh7 36. Qf5+ Bg6 37. Qc8 Rd8 38. Qg4 Rd4 39. Qg3 Qd6 40. Qe1 b5 41.
Be2 Qe5 42. Bg4 Qxe1 43. Rxe1 Rd6 44. Rc1 Rc6 45. Bf3 Rc7 46. Be2 Bf7 47. Bd3+
Kh8 48. Kg1 c4 49. Be2 Re7 50. Bd1 Re3 51. b4 Ra3 52. Bg4 Rxa2 53. Rd1 Kh7 54.
Rd7 Bg6 55. Be6 Ra3 56. h4 c3 57. Rd8 h5 58. Bg8+ Kh6 59. Rd6 c2 60. Bf7 c1=Q+
61. Kh2 Qf4+ 0-1

[Event "G7-2 2014"]
[Site "Skorping"]
[Date "2014.04.15"]
[Round "1"]
[White "Konradsen, Steen"]
[Black "Rose, Dennis Lauge"]
[Result "1/2-1/2"]
[WhiteElo "1519"]
[BlackElo "1746"]
[PlyCount "51"]
[EventDate "2014.??.??"]
[EventType "swiss"]
[EventRounds "7"]

1. b3 d6 2. Bb2 Nf6 3. e3 e5 4. Be2 Nc6 5. d3 Be6 6. Nf3 h6 7. Nbd2 Be7 8. c4
Qd7 9. O-O O-O 10. h3 Nh7 11. d4 exd4 12. Nxd4 Rae8 13. Nxe6 Qxe6 14. Nf3 Ng5
15. Nxg5 Bxg5 16. Qc2 f5 17. Bf3 Qd7 18. Bd5+ Kh8 19. a3 b6 20. Rad1 Bf6 21.
Bc1 Ne7 22. Qd3 Nxd5 23. Qxd5 Re5 24. Qb7 a5 25. Rd3 Qf7 26. Rfd1 1/2-1/2

[Event "G7-2 2014"]
[Site "Skorping"]
[Date "2014.04.15"]
[Round "1"]
[White "Larsen, Henning"]
[Black "Asmund, Erik"]
[Result "1-0"]
[WhiteElo "1737"]
[BlackElo "1425"]
[PlyCount "77"]
[EventDate "2014.??.??"]
[EventType "swiss"]
[EventRounds "7"]

1. e4 e5 2. Nf3 Nc6 3. Bb5 d6 4. O-O Bd7 5. c3 g6 6. d3 Bg7 7. Be3 a6 8. Ba4 b5
9. Bb3 Be6 10. Bxe6 fxe6 11. Nbd2 Bh6 12. d4 Bxe3 13. fxe3 Nh6 14. Qb3 Qe7 15.
d5 Nd8 16. c4 bxc4 17. Qa4+ Qd7 18. Qxd7+ Kxd7 19. Ng5 exd5 20. exd5 Ke7 21.
Rac1 Nhf7 22. Nxf7 Nxf7 23. Rxc4 Ra7 24. Rfc1 Rc8 25. Ne4 h6 26. Rc6 Kd8 27.
Rf1 Ke7 28. Rxf7+ Kxf7 29. Nxd6+ cxd6 30. Rxc8 Rb7 31. b3 Rb5 32. e4 Rb4 33.
Rc4 a5 34. Kf2 g5 35. Rxb4 axb4 36. g4 Ke7 37. Ke3 Kd7 38. Kd3 Kc7 39. Kc4 1-0

[Event "G7-2 2014"]
[Site "Skorping"]
[Date "2014.04.15"]
[Round "1"]
[White "Larsen, Jens Evald"]
[Black "Petersen, Bjarne (1954)"]
[Result "0-1"]
[WhiteElo "1242"]
[BlackElo "1657"]
[PlyCount "78"]
[EventDate "2014.??.??"]
[EventType "swiss"]
[EventRounds "7"]

1. d4 g6 2. c4 Bg7 3. Nc3 c5 4. e3 d6 5. g3 Nc6 6. Nge2 Bg4 7. Bg2 cxd4 8.
Bxc6+ bxc6 9. exd4 Nf6 10. O-O O-O 11. f3 Bf5 12. Be3 Qb6 13. Qd2 Qb7 14. Rac1
Rad8 15. d5 cxd5 16. cxd5 Rc8 17. g4 Bd7 18. Rc2 Rc4 19. Rfc1 Rfc8 20. b3 R4c7
21. Ne4 Nxd5 22. Rxc7 Rxc7 23. Rxc7 Nxc7 24. Qc2 Ne6 25. Qd2 d5 26. Nc5 Nxc5
27. Bxc5 e5 28. Nc3 d4 29. Ne4 a6 30. Kf2 Qd5 31. Ba3 Bxg4 32. Qg5 Bf5 33. Nf6+
Bxf6 34. Qxf6 Qa5 35. Qd6 Qd2+ 36. Kg3 Qf4+ 37. Kg2 Qg5+ 38. Kf2 Qh4+ 39. Kg2
Bh3+ 0-1

[Event "G7-2 2014"]
[Site "Skorping"]
[Date "2014.04.15"]
[Round "1"]
[White "Pedersen, Lars Wisler"]
[Black "Andersen, Aage Kristian"]
[Result "1-0"]
[WhiteElo "1808"]
[BlackElo "1588"]
[PlyCount "45"]
[EventDate "2014.??.??"]
[EventType "swiss"]
[EventRounds "7"]

1. e4 e5 2. Nf3 Nc6 3. d4 exd4 4. Nxd4 Bc5 5. Be3 Nxd4 6. Bxd4 Bxd4 7. Qxd4 Qg5
8. Nd2 d6 9. Nf3 Qf6 10. e5 dxe5 11. Nxe5 Ne7 12. Bc4 O-O 13. O-O-O Nc6 14.
Nxc6 Qxc6 15. h4 Be6 16. Bxe6 Qxe6 17. b3 Rfe8 18. Rhe1 Qh6+ 19. Kb1 Rxe1 20.
Rxe1 Qc6 21. h5 b6 22. Re7 Re8 23. Qd5 1-0

[Event "G7-2 2014"]
[Site "Skorping"]
[Date "2014.04.15"]
[Round "1"]
[White "Porsgaard, Per Lykke"]
[Black "Holmstrom, Johan Ravnborg"]
[Result "0-1"]
[WhiteElo "1451"]
[BlackElo "1744"]
[PlyCount "60"]
[EventDate "2014.??.??"]
[EventType "swiss"]
[EventRounds "7"]

1. d4 e6 2. e4 d5 3. e5 c5 4. c3 Nc6 5. Nf3 Bd7 6. Be2 Qb6 7. O-O f6 8. Na3 c4
9. Nc2 O-O-O 10. a3 a6 11. Nfe1 fxe5 12. dxe5 Nxe5 13. Nd4 Nc6 14. Bg4 Re8 15.
Nef3 Nf6 16. Bh3 e5 17. Bxd7+ Nxd7 18. Re1 Bc5 19. Nf5 Bxf2+ 20. Kh1 Bxe1 21.
Nd6+ Kc7 22. Nxe8+ Rxe8 23. Qxe1 Nf6 24. Qg3 Re7 25. Bg5 Qxb2 26. Re1 Qxc3 27.
Re3 Qa1+ 28. Re1 Qxa3 29. Nxe5 Qxg3 30. hxg3 Nxe5 0-1

[Event "G7-2 2014"]
[Site "Skorping"]
[Date "2014.04.15"]
[Round "1"]
[White "Rasmussen, Johnny Koust"]
[Black "Jacobsen, Per"]
[Result "1-0"]
[WhiteElo "1759"]
[BlackElo "1536"]
[PlyCount "57"]
[EventDate "2014.??.??"]
[EventType "swiss"]
[EventRounds "7"]

1. e4 Nf6 2. Nc3 d6 3. d4 g6 4. Nf3 Bg7 5. Bd3 O-O 6. Bg5 Nbd7 7. Qd2 Re8 8.
O-O-O c6 9. h3 b5 10. e5 dxe5 11. dxe5 b4 12. exf6 bxc3 13. Qxc3 exf6 14. Qxc6
Rb8 15. Bf4 Rb6 16. Qc7 f5 17. c3 Qe7 18. Rhe1 Qf8 19. Rxe8 Qxe8 20. Re1 Qf8
21. Bc4 Bxc3 22. bxc3 Qa3+ 23. Kd1 Rb1+ 24. Ke2 Rb2+ 25. Kf1 Ba6 26. Bc1 Bxc4+
27. Qxc4 Qxa2 28. Qc8+ Nf8 29. Bxb2 1-0

[Event "G7-2 2014"]
[Site "Skorping"]
[Date "2014.04.15"]
[Round "1"]
[White "Strange, Markus"]
[Black "Rasmussen, Henning (1934)"]
[Result "1/2-1/2"]
[WhiteElo "1360"]
[BlackElo "1734"]
[PlyCount "36"]
[EventDate "2014.??.??"]
[EventType "swiss"]
[EventRounds "7"]

1. e4 e6 2. d4 d5 3. exd5 exd5 4. Nc3 Nf6 5. Bf4 c6 6. Nf3 Bb4 7. a3 Bxc3+ 8.
bxc3 O-O 9. Be2 Ne4 10. c4 Re8 11. Qd3 dxc4 12. Qxc4 Be6 13. Qb4 b6 14. O-O c5
15. dxc5 Nxc5 16. Bb5 Bd7 17. Rad1 Qc8 18. Rfe1 Bxb5 1/2-1/2

[Event "G7-2 2014"]
[Site "Skorping"]
[Date "2014.04.16"]
[Round "2"]
[White "Andersen, Aage Kristian"]
[Black "Larsen, Jens Evald"]
[Result "1-0"]
[WhiteElo "1588"]
[BlackElo "1242"]
[PlyCount "61"]
[EventDate "2014.??.??"]
[EventType "swiss"]
[EventRounds "7"]

1. d4 d5 2. c4 e6 3. Nc3 Nf6 4. e3 c5 5. Nf3 b6 6. cxd5 Nxd5 7. Bb5+ Bd7 8. Bc4
Bc6 9. O-O Be7 10. Qc2 Nf6 11. dxc5 Bxc5 12. Ne5 Qc7 13. Nxc6 Nxc6 14. b3 O-O
15. a3 Rfd8 16. Nb5 Qb7 17. Bb2 Be7 18. Rac1 Rac8 19. Qe2 Na5 20. b4 Nxc4 21.
Rxc4 Rxc4 22. Qxc4 Ne8 23. Rc1 Nd6 24. Nxd6 Bxd6 25. Qg4 Bf8 26. h3 Rd2 27. Bd4
Ra2 28. Rc3 g6 29. Qf4 Qd7 30. Rc7 Qd8 31. Qxf7# 1-0

[Event "G7-2 2014"]
[Site "Skorping"]
[Date "2014.04.16"]
[Round "2"]
[White "Jacobsen, Per"]
[Black "Bichel, Nikolaj"]
[Result "1-0"]
[WhiteElo "1536"]
[BlackElo "1196"]
[PlyCount "51"]
[EventDate "2014.??.??"]
[EventType "swiss"]
[EventRounds "7"]

1. b3 d5 2. Bb2 c5 3. e3 Nc6 4. Nf3 Nf6 5. Be2 e6 6. O-O a6 7. d4 b6 8. a3 Bb7
9. Nbd2 Qc7 10. Rc1 Be7 11. c4 dxc4 12. Nxc4 O-O 13. Qc2 Ng4 14. g3 Rad8 15.
dxc5 Bxc5 16. Ng5 f5 17. Bxg4 h6 18. Nxe6 Qf7 19. Nxd8 Nxd8 20. Ne5 Qd5 21. Bf3
Qe6 22. Bxb7 Nxb7 23. Qc3 f4 24. exf4 Rf5 25. Qc4 Nd8 26. Rcd1 1-0

[Event "G7-2 2014"]
[Site "Skorping"]
[Date "2014.04.16"]
[Round "2"]
[White "Johansen, Kjeld"]
[Black "Larsen, Henning"]
[Result "1/2-1/2"]
[WhiteElo "1580"]
[BlackElo "1737"]
[PlyCount "48"]
[EventDate "2014.??.??"]
[EventType "swiss"]
[EventRounds "7"]

1. c4 Nf6 2. d4 g6 3. Nc3 Bg7 4. e4 d6 5. Nf3 O-O 6. Be2 Nc6 7. d5 Ne5 8. Nxe5
dxe5 9. O-O Bd7 10. Be3 a6 11. Rc1 Ne8 12. f4 exf4 13. Bxf4 e5 14. Be3 f5 15.
g3 f4 16. Bc5 Nd6 17. g4 b6 18. Bf2 f3 19. Bxf3 Nxc4 20. Rc2 Bh6 21. Kg2 Qf6
22. Bg1 Be3 23. b3 Bxg1 24. bxc4 Bd4 1/2-1/2

[Event "G7-2 2014"]
[Site "Skorping"]
[Date "2014.04.16"]
[Round "2"]
[White "Kristensen, Peter"]
[Black "Jakobsen, Niels Jorgen"]
[Result "1/2-1/2"]
[WhiteElo "1765"]
[BlackElo "1641"]
[PlyCount "56"]
[EventDate "2014.??.??"]
[EventType "swiss"]
[EventRounds "7"]

1. e4 e5 2. Nf3 Nc6 3. d4 exd4 4. Bc4 Nf6 5. e5 d5 6. Bb5 Ne4 7. Nxd4 Bd7 8.
Bxc6 bxc6 9. O-O Be7 10. Nc3 Nxc3 11. bxc3 O-O 12. Be3 Qc8 13. Re1 Rd8 14. Nb3
f6 15. Bc5 Bxc5 16. Nxc5 fxe5 17. Rxe5 Bf5 18. Qd4 Rf8 19. Re7 Rf7 20. Rae1 Qf8
21. R7e2 Qd6 22. Qb4 Qf6 23. Qb7 Raf8 24. Qb4 Qg6 25. c4 Be4 26. Nxe4 dxe4 27.
c5 Rf4 28. Qc4+ Qf7 1/2-1/2

[Event "G7-2 2014"]
[Site "Skorping"]
[Date "2014.04.16"]
[Round "2"]
[White "May, Samuel Peter Heine"]
[Black "Konradsen, Steen"]
[Result "1-0"]
[WhiteElo "1571"]
[BlackElo "1519"]
[PlyCount "91"]
[EventDate "2014.??.??"]
[EventType "swiss"]
[EventRounds "7"]

1. d4 Nf6 2. Nf3 d5 3. Bf4 e6 4. e3 c5 5. c4 cxd4 6. Nxd4 Bb4+ 7. Nc3 Bxc3+ 8.
bxc3 Bd7 9. Nb5 Bxb5 10. cxb5 Qa5 11. Qd4 O-O 12. Be5 Nbd7 13. Bxf6 Nxf6 14.
Bd3 Rac8 15. Kd2 Ne4+ 16. Bxe4 dxe4 17. Qxe4 Rfd8+ 18. Ke2 Qxb5+ 19. Kf3 Rxc3
20. Rhd1 Rdc8 21. g4 Qc6 22. Qxc6 R3xc6 23. Rd7 R6c7 24. Rad1 g6 25. h4 Kf8 26.
Kf4 Ke8 27. Rxc7 Rxc7 28. Rd2 b5 29. Kg5 f5 30. gxf5 exf5 31. h5 Kf7 32. Rd5
gxh5 33. Rxf5+ Kg7 34. Rxb5 Rc2 35. f4 Rxa2 36. Kxh5 Rg2 37. Rb7+ Kh8 38. Rxa7
Rg6 39. f5 Rg2 40. f6 Kg8 41. e4 Rh2+ 42. Kg5 Rg2+ 43. Kf5 h5 44. Ke6 Rf2 45.
Rg7+ Kh8 46. Rg5 1-0

[Event "G7-2 2014"]
[Site "Skorping"]
[Date "2014.04.16"]
[Round "2"]
[White "Meldgaard, Frode"]
[Black "Asmund, Erik"]
[Result "1-0"]
[WhiteElo "1798"]
[BlackElo "1425"]
[PlyCount "89"]
[EventDate "2014.??.??"]
[EventType "swiss"]
[EventRounds "7"]

1. e4 e5 2. c3 Nf6 3. d3 Be7 4. Be2 d6 5. Nf3 h6 6. O-O O-O 7. Qc2 c6 8. d4
exd4 9. cxd4 Be6 10. Nc3 Nbd7 11. Bd2 Rc8 12. Rad1 Qc7 13. h3 Qb8 14. a3 Rfe8
15. Nh2 Nb6 16. f4 Bc4 17. Bc1 Bxe2 18. Qxe2 Bf8 19. Ng4 Nbd7 20. e5 d5 21.
Nxf6+ Nxf6 22. Qf3 Nh7 23. Qg4 Rc7 24. f5 Kh8 25. Rf3 Qc8 26. Rdf1 f6 27. e6
Bd6 28. h4 Ree7 29. Ne2 c5 30. Bf4 Rc6 31. Bxd6 Rxd6 32. Nf4 Kg8 33. Qg3 Rc7
34. dxc5 Rxc5 35. Nh5 Qc7 36. Nxg7 Kf8 37. Nh5 Rc1 38. Qg6 Rxf1+ 39. Rxf1 Qe7
40. Qxh6+ Kg8 41. Qf4 Rd8 42. Rc1 Qe8 43. Rc7 Qxh5 44. Qg3+ Kh8 45. Qg7# 1-0

[Event "G7-2 2014"]
[Site "Skorping"]
[Date "2014.04.16"]
[Round "2"]
[White "Ng, Sau Wai"]
[Black "Porsgaard, Per Lykke"]
[Result "0-1"]
[WhiteElo "1116"]
[BlackElo "1451"]
[PlyCount "82"]
[EventDate "2014.??.??"]
[EventType "swiss"]
[EventRounds "7"]

1. d4 e6 2. e4 c5 3. Nf3 cxd4 4. Qxd4 Nc6 5. Qa4 g6 6. Be2 Bg7 7. O-O Nf6 8.
Bg5 h6 9. Bh4 g5 10. Bg3 Nxe4 11. Be5 Nc5 12. Qc4 Nxe5 13. Nxe5 Bxe5 14. Qxc5
Bxb2 15. Nd2 Bxa1 16. Rxa1 d6 17. Qc3 O-O 18. Qe3 d5 19. Bd3 Qf6 20. Rf1 e5 21.
c3 Bf5 22. Be2 Rfe8 23. Bb5 Re7 24. Qc5 a6 25. Be2 Rc8 26. Qxd5 Rxc3 27. Nc4 e4
28. Nd6 Re5 29. Qd2 Rd3 30. Qb4 Rxd6 31. Qxb7 Rb6 32. Qc7 Qd6 33. Qc4 Rc5 34.
Qa4 Rbc6 35. Rd1 Rc1 36. g4 Rxd1+ 37. Bxd1 Bd7 38. Bc2 Qd2 39. Qxe4 Rxc2 40.
Qa8+ Kg7 41. Qe4 Qxf2+ 0-1

[Event "G7-2 2014"]
[Site "Skorping"]
[Date "2014.04.16"]
[Round "2"]
[White "Nielsen, Rune"]
[Black "Rasmussen, Johnny Koust"]
[Result "1-0"]
[WhiteElo "1607"]
[BlackElo "1759"]
[PlyCount "65"]
[EventDate "2014.??.??"]
[EventType "swiss"]
[EventRounds "7"]

1. d4 Nf6 2. c4 e6 3. Nf3 Bb4+ 4. Bd2 Qe7 5. Nc3 O-O 6. Qc2 d5 7. e3 b6 8. Bd3
Bb7 9. O-O-O c5 10. Ng5 h6 11. h4 Rc8 12. dxc5 Bxc5 13. a3 dxc4 14. Be4 Bxe4
15. Ncxe4 Nbd7 16. Bc3 e5 17. Rxd7 Nxd7 18. Nxc5 hxg5 19. hxg5 Nf8 20. Ne4 Ng6
21. Qe2 a5 22. Qh5 Qe6 23. f4 Kf8 24. Qh7 Rd8 25. Ng3 Ke7 26. f5 Qd6 27. fxg6
Rh8 28. Qxg7 Rxh1+ 29. Nxh1 Qxg6 30. Qxe5+ Qe6 31. Qc7+ Kf8 32. Bd4 b5 33. Qh2
1-0

[Event "G7-2 2014"]
[Site "Skorping"]
[Date "2014.04.16"]
[Round "2"]
[White "Petersen, Bjarne (1954)"]
[Black "Pedersen, Lars Wisler"]
[Result "0-1"]
[WhiteElo "1657"]
[BlackElo "1808"]
[PlyCount "68"]
[EventDate "2014.??.??"]
[EventType "swiss"]
[EventRounds "7"]

1. g3 d5 2. Bg2 Nf6 3. c4 d4 4. Nf3 Nc6 5. d3 e5 6. O-O Be7 7. Bg5 O-O 8. Nbd2
Ne8 9. Bxe7 Qxe7 10. e4 f5 11. exf5 Bxf5 12. Ne4 Bxe4 13. dxe4 Nd6 14. Nd2 Qe6
15. b3 Rf7 16. f4 Raf8 17. f5 Qh6 18. Qe2 g6 19. c5 Ne8 20. Nc4 gxf5 21. exf5
Rxf5 22. Rxf5 Rxf5 23. Rf1 Rxf1+ 24. Qxf1 Qe6 25. Bh3 Qe7 26. Qf3 Nf6 27. Qf5
e4 28. Qe6+ Qxe6 29. Bxe6+ Kg7 30. Kf2 Nb4 31. a3 Nd3+ 32. Kf1 Nxc5 33. Bf5
Nxb3 34. Ne3 dxe3 0-1

[Event "G7-2 2014"]
[Site "Skorping"]
[Date "2014.04.16"]
[Round "2"]
[White "Rasmussen, Henning (1934)"]
[Black "Hansen, Erik Olsgaard"]
[Result "1-0"]
[WhiteElo "1734"]
[BlackElo "1777"]
[PlyCount "113"]
[EventDate "2014.??.??"]
[EventType "swiss"]
[EventRounds "7"]

1. f4 c5 2. e4 d6 3. Nf3 Nc6 4. Be2 Nf6 5. d3 e6 6. O-O Be7 7. Kh1 O-O 8. Nc3
a6 9. a4 b6 10. d4 Bb7 11. e5 dxe5 12. dxe5 Nd5 13. Nxd5 exd5 14. c3 Bc8 15.
Qc2 g6 16. Be3 Be6 17. Rad1 Qc7 18. Bd3 c4 19. Be2 Bf5 20. Qd2 Rfd8 21. Nd4
Nxd4 22. Bxd4 Bc5 23. Ra1 Be4 24. Bf3 Bd3 25. Be2 Bxe2 26. Qxe2 Bxd4 27. cxd4
Qd7 28. f5 gxf5 29. Qh5 Kh8 30. Rxf5 Ra7 31. Raf1 Qxa4 32. Rxf7 Rxf7 33. Qxf7
Qd7 34. Qf6+ Kg8 35. Rf3 h5 36. Qg6+ Qg7 37. Qe6+ Kh8 38. Rh3 Qg5 39. Qf6+ Qxf6
40. exf6 Kh7 41. Rxh5+ Kg6 42. Re5 Kxf6 43. g4 Rd6 44. h4 Kg6 45. Kg2 b5 46.
h5+ Kh6 47. Kg3 b4 48. Kh4 b3 49. g5+ Kg7 50. g6 Kf6 51. Rg5 Kg7 52. h6+ Kg8
53. Kh5 c3 54. Re5 Rd8 55. h7+ Kg7 56. Re7+ Kh8 57. Kh6 1-0

[Event "G7-2 2014"]
[Site "Skorping"]
[Date "2014.04.16"]
[Round "2"]
[White "Rose, Dennis Lauge"]
[Black "Strange, Markus"]
[Result "1-0"]
[WhiteElo "1746"]
[BlackElo "1360"]
[PlyCount "89"]
[EventDate "2014.??.??"]
[EventType "swiss"]
[EventRounds "7"]

1. f4 d5 2. Nf3 Nc6 3. e3 Bf5 4. Bb5 a6 5. Bxc6+ bxc6 6. b3 e6 7. O-O Bc5 8.
Bb2 f6 9. Nd4 Bxd4 10. Bxd4 Ne7 11. Nc3 Qd6 12. Na4 O-O 13. d3 e5 14. Bc5 Qe6
15. fxe5 fxe5 16. Qe1 Rf6 17. Nc3 Nc8 18. Qh4 Nd6 19. Ne2 Raf8 20. Qa4 Bg4 21.
Ng3 Rxf1+ 22. Rxf1 Rxf1+ 23. Nxf1 Nb7 24. Ba3 c5 25. b4 cxb4 26. Qxb4 Nd6 27.
Qc5 Qf7 28. Qc6 Be2 29. Ng3 Bd1 30. c3 Bg4 31. Qxa6 Qe6 32. Bc5 Ne8 33. Qa8 Kf7
34. a4 Bd1 35. a5 Ba4 36. Qb8 Bc6 37. a6 d4 38. c4 dxe3 39. Bxe3 Nd6 40. Qxc7+
Qd7 41. Qb8 g6 42. Bc5 Nf5 43. Nxf5 Qxf5 44. Qf8+ Ke6 45. Qe7# 1-0

[Event "G7-2 2014"]
[Site "Skorping"]
[Date "2014.04.16"]
[Round "2"]
[White "Staugaard, Henning"]
[Black "Jorgensen, Alexander Torp"]
[Result "0-1"]
[WhiteElo "1320"]
[BlackElo "1745"]
[PlyCount "58"]
[EventDate "2014.??.??"]
[EventType "swiss"]
[EventRounds "7"]

1. e4 g6 2. d4 d6 3. Nf3 Bg7 4. Bc4 a6 5. O-O b5 6. Bb3 Bb7 7. Nc3 Nf6 8. Re1
O-O 9. a3 Nbd7 10. Qd3 e5 11. Be3 exd4 12. Bxd4 c5 13. Bxf6 Nxf6 14. Ba2 c4 15.
Qd2 Re8 16. Rad1 Nxe4 17. Nxe4 Rxe4 18. Rxe4 Bxe4 19. Qxd6 Qxd6 20. Rxd6 Bxb2
21. Ng5 Bxa3 22. Rd7 Bxc2 23. Nxf7 Bc1 24. Nd6 Ba3 25. Nb7 Re8 26. f3 Re1+ 27.
Kf2 Ra1 28. Rd2 Rxa2 29. Nd8 Bb3 0-1

[Event "G7-2 2014"]
[Site "Skorping"]
[Date "2014.04.16"]
[Round "2"]
[White "Thybo, Jan"]
[Black "Ehlers, Kjeld"]
[Result "0-1"]
[WhiteElo "1238"]
[BlackElo "1537"]
[PlyCount "52"]
[EventDate "2014.??.??"]
[EventType "swiss"]
[EventRounds "7"]

1. e4 c5 2. Nc3 d6 3. g3 Nf6 4. Bg2 e6 5. d3 Be7 6. Nge2 O-O 7. O-O a6 8. f3
Qc7 9. Nf4 b5 10. Nce2 Bb7 11. d4 cxd4 12. Nd3 e5 13. Bg5 Nbd7 14. Nb4 a5 15.
Nd5 Nxd5 16. Bxe7 Nxe7 17. f4 Nc5 18. fxe5 dxe5 19. c3 dxc3 20. Nxc3 Qb6 21.
Rf2 Rad8 22. Qf1 Ba6 23. Nd5 Nxd5 24. exd5 b4 25. Re2 Bxe2 26. Qxe2 Nb3+ 0-1

[Event "G7-2 2014"]
[Site "Skorping"]
[Date "2014.04.16"]
[Round "2"]
[White "Thybo, Thomas Sondergaard"]
[Black "Hansen, Henrik Damgaard"]
[Result "0-1"]
[WhiteElo "1466"]
[BlackElo "1733"]
[PlyCount "36"]
[EventDate "2014.??.??"]
[EventType "swiss"]
[EventRounds "7"]

1. e4 d5 2. exd5 Nf6 3. c4 e6 4. dxe6 Bxe6 5. d4 Bb4+ 6. Bd2 Bxd2+ 7. Qxd2 Qe7
8. Qe2 Nc6 9. Nf3 O-O-O 10. d5 Rhe8 11. dxe6 Qb4+ 12. Nbd2 Rxe6 13. b3 Rxe2+
14. Bxe2 Re8 15. Kf1 Qc5 16. h3 Nb4 17. a3 Nc2 18. b4 Qe7 0-1

[Event "G7-2 2014"]
[Site "Skorping"]
[Date "2014.04.17"]
[Round "3"]
[White "Asmund, Erik"]
[Black "Thybo, Jan"]
[Result "0-1"]
[WhiteElo "1425"]
[BlackElo "1238"]
[PlyCount "76"]
[EventDate "2014.??.??"]
[EventType "swiss"]
[EventRounds "7"]

1. e4 d6 2. d4 g6 3. c3 Bg7 4. Be3 Nd7 5. Nd2 e5 6. Ngf3 Ne7 7. Bc4 O-O 8. h3
Nb6 9. Bb3 Be6 10. O-O Kh8 11. Nh2 Qd7 12. Bxe6 Qxe6 13. d5 Qd7 14. Qe2 f5 15.
Bxb6 axb6 16. c4 f4 17. b3 g5 18. Qg4 Qxg4 19. Nxg4 h5 20. Nh2 Rg8 21. a4 Bf6
22. g4 fxg3 23. fxg3 Raf8 24. a5 bxa5 25. Rxa5 h4 26. Ng4 Bg7 27. Raa1 Ng6 28.
Nf3 hxg3 29. Nxg5 Nf4 30. Ne6 Rf7 31. Nxf4 exf4 32. Rad1 f3 33. Rd3 Rgf8 34.
Ne3 f2+ 35. Kg2 Rf3 36. Rfd1 Be5 37. Nf5 f1=Q+ 38. Rxf1 Rxd3 0-1

[Event "G7-2 2014"]
[Site "Skorping"]
[Date "2014.04.17"]
[Round "3"]
[White "Bichel, Nikolaj"]
[Black "Staugaard, Henning"]
[Result "0-1"]
[WhiteElo "1196"]
[BlackElo "1320"]
[PlyCount "84"]
[EventDate "2014.??.??"]
[EventType "swiss"]
[EventRounds "7"]

1. d4 d5 2. Nf3 Nc6 3. e3 Bf5 4. b3 Nf6 5. Bb2 e6 6. a3 a6 7. Ne5 Nxe5 8. dxe5
Nd7 9. Bd3 Qg5 10. Qf3 Bxd3 11. cxd3 Nxe5 12. Bxe5 Qxe5 13. d4 Qd6 14. O-O Be7
15. Nd2 O-O 16. b4 Bf6 17. Nb3 b6 18. Rfc1 Rfe8 19. g3 e5 20. Qg4 exd4 21. Nxd4
Re4 22. Qd1 Rc8 23. Ra2 Qd7 24. Rac2 Bxd4 25. exd4 f5 26. Qd3 b5 27. f3 Re6 28.
f4 c6 29. Rc5 Rce8 30. Kf2 Qe7 31. Qxf5 Re2+ 32. Kf3 Qe3+ 33. Kg4 Rxh2 34. R1c2
h5+ 35. Qxh5 Rxh5 36. Kxh5 Qf3+ 37. Kh4 Re6 38. Rxc6 Rxc6 39. Rxc6 Qxa3 40. g4
Qxb4 41. Kg5 Qe7+ 42. Kg6 Qe8+ 0-1